000 00697nam a2200205Ia 4500
999 _c55404
_d55404
001 22485
003 GE_BSU
005 20210502214043.0
008 181216r2018||||ru |||||||||||||| ||rus||
040 _cGE_BSU
041 _arus
245 _aРеферативный журнал. Электронное издание. 13Б. Математический анализ №2. 2018
260 _c2018.
_aМосква,
300 _acd
653 _acd
653 _aМатематика
653 _aРеферативный журнал Электронное издание. 13Б. Математический анализ
653 _aმათემატიკა
942 _cCF
_2udc